[Event "46th GER-ch Rapid 2020"]
[Site "Plochingen"]
[Date "2020.09.21"]
[Round "7.1"]
[White "Dobrikov, Marco"]
[Black "Neukirchner, Pascal"]
[Result "0-1"]
[WhiteElo "2332"]
[BlackElo "2259"]
[Annotator "ChessBase"]
[PlyCount "128"]
[EventDate "2020.09.19"]
[EventType "swiss"]
[EventCountry "GER"]
[SourceTitle "playchess.com"]
[Source "ChessBase"]
[SourceQuality "1"]
[TimeControl "900+10"]

1. e4 {[%emt 0:00:00]} c5 {[%emt 0:00:00]} 2. Nf3 {[%emt 0:00:00]} Nc6 {[%emt 0:00:00]} 3. d4 {[%emt 0:00:00]} cxd4 {[%emt 0:00:00]} 4. Nxd4 {[%emt 0:00:00]} g6 {[%emt 0:00:00]} 5. c4 {[%emt 0:00:00]} d6 {[%emt 0:00:00]} 6. Nc3 {[%emt 0:00:02]} Nf6 {[%emt 0:00:00]} 7. Be2 {[%emt 0:00:23]} Nxd4 {[%emt 0:00:00]} 8. Qxd4 {[%emt 0:00:02]} Bg7 {[%emt 0:00:01]} 9. Be3 {[%emt 0:00:07]} O-O {[%emt 0:00:03]} 10. Qd2 {[%emt 0:00:01]} Be6 {[%emt 0:00:02]} 11. Rc1 {[%emt 0:00:05]} Qa5 {[%emt 0:00:07]} 12. f3 {[%emt 0:00:45]} Rfc8 {[%emt 0:00:02]} 13. b3 {[%emt 0:00:03]} Rab8 {[%emt 0:01:32]} 14. Nd5 {[%emt 0:01:22]} Qxd2+ {[%emt 0:00:03]} 15. Kxd2 {[%emt 0:00:02]} Nxd5 {[%emt 0:00:39]} 16. exd5 {[%emt 0:00:51]} Bd7 {[%emt 0:00:30]} 17. a4 {[%emt 0:01:03]} b6 {[%emt 0:01:30]} 18. g4 {[%emt 0:00:41]} f5 {[%emt 0:03:31]} 19. g5 {[%emt 0:00:18]} a6 {[%emt 0:00:43]} 20. f4 {[%emt 0:01:27]} e5 {[%emt 0:02:15]} 21. dxe6 {[%emt 0:00:30]} Bxe6 {[%emt 0:00:02]} 22. Bf3 {[%emt 0:00:24]} d5 {[%emt 0:00:42]} 23. cxd5 {[%emt 0:00:46]} Rd8 {[%emt 0:00:32]} 24. Ke2 {[%emt 0:01:11]} Bxd5 {[%emt 0:00:01]} 25. Bxd5+ {[%emt 0:01:44]} Rxd5 {[%emt 0:00:02]} 26. Rhd1 {[%emt 0:00:02]} Rxd1 {[%emt 0:00:10]} 27. Rxd1 {[%emt 0:00:01]} b5 {[%emt 0:00:33]} 28. a5 {[%emt 0:00:01]} Bc3 {[%emt 0:01:19]} 29. Bb6 {[%emt 0:00:03]} Re8+ {[%emt 0:00:07]} 30. Kf3 {[%emt 0:00:03]} Kf7 {[%emt 0:00:55]} 31. Bc5 {[%emt 0:01:58]} Bxa5 {[%emt 0:00:03]} 32. Ra1 {[%emt 0:00:36]} Bd2 {[%emt 0:01:34]} 33. Rxa6 {[%emt 0:02:45]} Re4 {[%emt 0:00:01]} 34. Bd6 {[%emt 0:00:49]} Re3+ {[%emt 0:00:11]} 35. Kf2 {[%emt 0:00:03]} Rxb3 {[%emt 0:00:11]} 36. Be5 {[%emt 0:00:30]} Be3+ {[%emt 0:00:57]} 37. Ke2 {[%emt 0:00:01]} Bg1 {[%emt 0:00:21]} 38. h4 {[%emt 0:00:43]} Rh3 {[%emt 0:00:45]} 39. Ra1 {[%emt 0:00:54]} Bc5 {[%emt 0:00:22]} 40. Rc1 {[%emt 0:00:34]} Be7 {[%emt 0:00:01]} 41. Rc7 {[%emt 0:00:11]} Ke6 {[%emt 0:00:02]} 42. Rb7 {[%emt 0:00:01]} b4 {[%emt 0:00:14]} 43. Rb6+ {[%emt 0:00:01]} Kd5 {[%emt 0:00:16]} 44. Rb7 {[%emt 0:00:09]} Bc5 {[%emt 0:00:08]} 45. Rxh7 {[%emt 0:00:06]} Ke4 {[%emt 0:00:24]} 46. h5 {[%emt 0:00:20]} Rh2+ {[%emt 0:00:02]} 47. Kd1 {[%emt 0:00:07]} gxh5 {[%emt 0:00:26]} 48. g6 {[%emt 0:00:27]} Rg2 {[%emt 0:00:08]} 49. Rc7 {[%emt 0:00:30]} Be3 {[%emt 0:00:18]} 50. g7 {[%emt 0:00:22]} Bxf4 {[%emt 0:00:24]} 51. Rc8 {[%emt 0:00:13]} Bxe5 {[%emt 0:00:19]} 52. g8=Q {[%emt 0:00:02]} Rxg8 {[%emt 0:00:01]} 53. Rxg8 {[%emt 0:00:02]} b3 {[%emt 0:00:36]} 54. Rg6 {[%emt 0:00:05]} Kd3 {[%emt 0:00:16]} 55. Kc1 {[%emt 0:00:14]} b2+ {[%emt 0:00:07]} 56. Kb1 {[%emt 0:00:01]} f4 {[%emt 0:00:17]} 57. Rg5 {[%emt 0:00:03]} Bd4 {[%emt 0:00:19]} 58. Rxh5 {[%emt 0:00:01]} f3 {[%emt 0:00:01]} 59. Rf5 {[%emt 0:00:19]} Ke2 {[%emt 0:00:16]} 60. Rf4 {[%emt 0:00:28]} f2 {[%emt 0:00:07]} 61. Re4+ {[%emt 0:00:00]} Kd3 {[%emt 0:00:09]} 62. Rf4 {[%emt 0:00:03]} Ke3 {[%emt 0:00:01]} 63. Rf8 {[%emt 0:00:03]} Be5 {[%emt 0:00:03]} 64. Rf5 {[%emt 0:00:06]} Bf4 {[%emt 0:00:05]} 0-1

[Event "46th GER-ch Rapid 2020"]
[Site "Plochingen"]
[Date "2020.09.21"]
[Round "7.2"]
[White "Frischmann, Rick"]
[Black "Kvetny, Mark"]
[Result "0-1"]
[WhiteElo "2347"]
[BlackElo "2427"]
[Annotator "ChessBase"]
[PlyCount "66"]
[EventDate "2020.09.19"]
[EventType "swiss"]
[EventCountry "GER"]
[SourceTitle "playchess.com"]
[Source "ChessBase"]
[SourceQuality "1"]
[TimeControl "900+10"]

1. e4 {[%emt 0:00:00]} c5 {[%emt 0:00:00]} 2. Nf3 {[%emt 0:00:00]} Nf6 {[%emt 0:00:02]} 3. e5 {[%emt 0:00:00]} Nd5 {[%emt 0:00:01]} 4. Nc3 {[%emt 0:00:00]} Nxc3 {[%emt 0:00:02]} 5. dxc3 {[%emt 0:00:00]} e6 {[%emt 0:00:02]} 6. Bc4 {[%emt 0:00:19]} Nc6 {[%emt 0:00:10]} 7. Bf4 {[%emt 0:00:01]} Qc7 {[%emt 0:00:48]} 8. Qd2 {[%emt 0:00:16]} h6 {[%emt 0:00:14]} 9. h4 {[%emt 0:00:03]} a6 {[%emt 0:00:12]} 10. h5 {[%emt 0:01:59]} b5 {[%emt 0:00:53]} 11. Be2 {[%emt 0:00:01]} Rb8 {[%emt 0:01:22]} 12. Rh3 {[%emt 0:02:13]} c4 {[%emt 0:00:58]} 13. Rg3 {[%emt 0:00:18]} Ne7 {[%emt 0:00:06]} 14. Rg4 {[%emt 0:00:22]} Bb7 {[%emt 0:02:04]} 15. Bg3 {[%emt 0:02:12]} Nf5 {[%emt 0:00:38]} 16. Bh2 {[%emt 0:00:03]} Bd5 {[%emt 0:01:00]} 17. Kf1 {[%emt 0:01:37]} Bc5 {[%emt 0:01:04]} 18. Nd4 {[%emt 0:00:06]} Bxd4 {[%emt 0:00:29]} 19. cxd4 {[%emt 0:00:11]} b4 {[%emt 0:00:43]} 20. Kg1 {[%emt 0:04:05]} Qc6 {[%emt 0:00:15]} 21. Bf4 {[%emt 0:02:10]} a5 {[%emt 0:00:22]} 22. Kh2 {[%emt 0:02:16]} c3 {[%emt 0:02:08]} 23. bxc3 {[%emt 0:00:01]} bxc3 {[%emt 0:01:13]} 24. Qd1 {[%emt 0:00:11]} Be4 {[%emt 0:00:16]} 25. f3 {[%emt 0:00:08]} Bd5 {[%emt 0:00:02]} 26. Bd3 {[%emt 0:00:04]} Nxd4 {[%emt 0:00:36]} 27. Rxg7 {[%emt 0:00:03]} Rb4 {[%emt 0:00:03]} 28. Qc1 {[%emt 0:00:36]} Bxf3 {[%emt 0:01:10]} 29. a3 {[%emt 0:00:01]} Rb2 {[%emt 0:00:08]} 30. Qe3 {[%emt 0:00:06]} Nxc2 {[%emt 0:00:17]} 31. Qa7 {[%emt 0:00:36]} Nxa1 {[%emt 0:00:22]} 32. Qxa5 {[%emt 0:00:05]} Bxg2 {[%emt 0:00:17]} 33. Kg1 {[%emt 0:00:15]} Be4 {[%emt 0:00:33]} 0-1

[Event "46th GER-ch Rapid 2020"]
[Site "Plochingen"]
[Date "2020.09.21"]
[Round "7.3"]
[White "Stern, Rene"]
[Black "Rosner, Jonas"]
[Result "1-0"]
[WhiteElo "2517"]
[BlackElo "2433"]
[Annotator "ChessBase"]
[PlyCount "83"]
[EventDate "2020.09.19"]
[EventType "swiss"]
[EventCountry "GER"]
[SourceTitle "playchess.com"]
[Source "ChessBase"]
[SourceQuality "1"]
[TimeControl "900+10"]

1. Nf3 {[%emt 0:00:00]} d5 {[%emt 0:00:00]} 2. d4 {[%emt 0:00:00]} Nf6 {[%emt 0:00:00]} 3. c4 {[%emt 0:00:00]} c6 {[%emt 0:00:00]} 4. Nbd2 {[%emt 0:00:02]} Bf5 {[%emt 0:00:01]} 5. Nh4 {[%emt 0:00:01]} Be4 {[%emt 0:00:02]} 6. f3 {[%emt 0:00:08]} Bg6 {[%emt 0:00:03]} 7. Qb3 {[%emt 0:00:01]} Qc7 {[%emt 0:00:16]} 8. g3 {[%emt 0:00:35]} e6 {[%emt 0:00:22]} 9. Bg2 {[%emt 0:01:24]} c5 {[%emt 0:01:20]} 10. cxd5 {[%emt 0:00:40]} exd5 {[%emt 0:00:09]} 11. Qe3+ {[%emt 0:00:57]} Be7 {[%emt 0:01:16]} 12. dxc5 {[%emt 0:00:09]} O-O {[%emt 0:01:02]} 13. Nxg6 {[%emt 0:00:36]} hxg6 {[%emt 0:00:52]} 14. Nb3 {[%emt 0:00:03]} Re8 {[%emt 0:01:39]} 15. Qc3 {[%emt 0:01:26]} Na6 {[%emt 0:01:01]} 16. Be3 {[%emt 0:01:06]} Rac8 {[%emt 0:00:41]} 17. Bh3 {[%emt 0:00:29]} Nd7 {[%emt 0:01:47]} 18. O-O {[%emt 0:01:34]} Bf6 {[%emt 0:00:54]} 19. Bd4 {[%emt 0:01:31]} Bxd4+ {[%emt 0:02:52]} 20. Qxd4 {[%emt 0:00:06]} Rcd8 {[%emt 0:00:21]} 21. Bxd7 {[%emt 0:00:35]} Qxd7 {[%emt 0:00:20]} 22. e3 {[%emt 0:00:12]} Qb5 {[%emt 0:00:33]} 23. Rf2 {[%emt 0:02:16]} Rc8 {[%emt 0:00:38]} 24. Rc2 {[%emt 0:00:40]} Nb4 {[%emt 0:01:02]} 25. Rc3 {[%emt 0:00:29]} a5 {[%emt 0:00:36]} 26. Qd2 {[%emt 0:00:37]} a4 {[%emt 0:00:42]} 27. Nd4 {[%emt 0:00:06]} Qa5 {[%emt 0:00:02]} 28. a3 {[%emt 0:00:32]} Na6 {[%emt 0:00:29]} 29. b4 {[%emt 0:00:39]} axb3 {[%emt 0:00:04]} 30. Nxb3 {[%emt 0:00:01]} Qb5 {[%emt 0:00:35]} 31. Rac1 {[%emt 0:00:25]} Rcd8 {[%emt 0:00:15]} 32. Kf2 {[%emt 0:00:11]} Qa4 {[%emt 0:00:10]} 33. Nd4 {[%emt 0:00:05]} Qd7 {[%emt 0:00:13]} 34. c6 {[%emt 0:00:22]} bxc6 {[%emt 0:00:10]} 35. Rxc6 {[%emt 0:00:25]} Ra8 {[%emt 0:00:09]} 36. Kg2 {[%emt 0:00:07]} Qe7 {[%emt 0:00:04]} 37. R1c3 {[%emt 0:00:06]} Kh7 {[%emt 0:00:06]} 38. Ne2 {[%emt 0:00:11]} Nb8 {[%emt 0:00:05]} 39. Rc7 {[%emt 0:00:01]} Qf6 {[%emt 0:00:07]} 40. Qxd5 {[%emt 0:00:05]} Qa6 {[%emt 0:00:30]} 41. Nf4 {[%emt 0:00:27]} Ra7 {[%emt 0:00:04]} 42. Qxf7 {[%emt 0:00:11]} 1-0

[Event "46th GER-ch Rapid 2020"]
[Site "Plochingen"]
[Date "2020.09.21"]
[Round "7.4"]
[White "Schmaltz, Roland"]
[Black "Meissner, Felix"]
[Result "0-1"]
[WhiteElo "2449"]
[BlackElo "2362"]
[Annotator "ChessBase"]
[PlyCount "42"]
[EventDate "2020.09.19"]
[EventType "swiss"]
[EventCountry "GER"]
[SourceTitle "playchess.com"]
[Source "ChessBase"]
[SourceQuality "1"]
[TimeControl "900+10"]

1. e4 {[%emt 0:00:00]} e6 {[%emt 0:00:16]} 2. d4 {[%emt 0:00:00]} b6 {[%emt 0:00:25]} 3. Bd3 {[%emt 0:00:00]} Bb7 {[%emt 0:00:01]} 4. Qe2 {[%emt 0:00:10]} d6 {[%emt 0:00:15]} 5. Nf3 {[%emt 0:00:07]} Nd7 {[%emt 0:00:15]} 6. O-O {[%emt 0:00:07]} a6 {[%emt 0:00:15]} 7. c4 {[%emt 0:00:10]} c5 {[%emt 0:00:44]} 8. d5 {[%emt 0:00:12]} e5 {[%emt 0:00:10]} 9. Nc3 {[%emt 0:00:11]} Ne7 {[%emt 0:01:15]} 10. Rb1 {[%emt 0:00:13]} Ng6 {[%emt 0:00:15]} 11. b4 {[%emt 0:00:39]} Bc8 {[%emt 0:00:22]} 12. Bc2 {[%emt 0:00:20]} Be7 {[%emt 0:00:35]} 13. Be3 {[%emt 0:01:09]} O-O {[%emt 0:00:10]} 14. Rb2 {[%emt 0:00:28]} Nf6 {[%emt 0:00:48]} 15. bxc5 {[%emt 0:00:14]} bxc5 {[%emt 0:00:06]} 16. Ne1 {[%emt 0:02:12]} Ng4 {[%emt 0:00:55]} 17. Nd3 {[%emt 0:03:02]} Bg5 {[%emt 0:00:54]} 18. Bxg5 {[%emt 0:01:19]} Qxg5 {[%emt 0:00:02]} 19. g3 {[%emt 0:00:55]} Qh6 {[%emt 0:01:52]} 20. f4 {[%emt 0:01:10]} exf4 {[%emt 0:00:36]} 21. gxf4 {[%emt 0:00:04]} f5 {[%emt 0:00:43]} 0-1

[Event "46th GER-ch Rapid 2020"]
[Site "Plochingen"]
[Date "2020.09.21"]
[Round "7.5"]
[White "Hartge, Gedeon"]
[Black "Siebrecht, Sebastian"]
[Result "0-1"]
[WhiteElo "2234"]
[BlackElo "2418"]
[Annotator "TA"]
[PlyCount "62"]
[EventDate "2020.09.19"]
[EventType "swiss"]
[EventCountry "GER"]
[SourceTitle "playchess.com"]
[Source "ChessBase"]
[SourceQuality "1"]

{[%evp 9,62,31,47,41,48,35,62,18,32,20,37,5,25,14,79,44,89,45,89,89,85,97,172,90,148,47,145,37,95,33,48,6,21,0,108,106,97,0,0,-53,0,-110,-102,-185,-181,-212,-199,-420,-428,-589,-577,-577,-564,-886,-907]} 1. d4 g6 2. e4 Bg7 3. Nf3 d6 4. Bc4 a6 5. a4 b6 6. O-O {B06: Modern Defence.} e6 7. Qe2 Bb7 8. Rd1 {White is slightly better.} Nd7 9. Nbd2 Ne7 10. Nf1 {[#]} c6 $146 ({Predecessor:} 10... h6 11. Ng3 O-O 12. Bb3 Qe8 13. h3 Kh7 14. c3 Ng8 15. Re1 Qe7 16. Bc2 Rae8 {½-½ (54) Bosboom,M (2387)-Roobol,M (2330) Netherlands 2014}) 11. Bb3 Qc7 (11... c5 $11) 12. Bg5 h6 13. Bh4 g5 14. Bg3 Ng6 15. c3 O-O (15... a5 $16 {is a better defense.}) 16. Rac1 (16. h4 $18) 16... Rae8 (16... c5 $142) 17. h3 (17. h4 $16) 17... Kh8 ({Better is} 17... Nf6 $14) 18. Qc2 (18. h4 $16) 18... Qb8 ({Black should play} 18... Rd8 $14) 19. Re1 (19. Ne3 $16) 19... Nf6 $14 20. Bxd6 {[%mdl 64] Remove Defender, Decoy} Qxd6 21. e5 {[%mdl 64] Double Attack} Qe7 (21... Qc7 $11 22. exf6 Bxf6) 22. exf6 $16 Qxf6 {[#]} 23. Ng3 (23. Ne5 $1 $16) 23... Nf4 $11 24. Ne5 (24. Ba2 $11) 24... Qd8 (24... Qe7 $1 $15) 25. Nd3 (25. Rcd1 $11 {keeps the balance.}) 25... c5 $1 $17 26. Nxf4 (26. d5 $17) 26... gxf4 $19 27. Ne4 cxd4 {Strongly threatening ...d3.} 28. Rcd1 $2 (28. f3 {was called for.}) 28... f5 29. Nd2 {Black is clearly winning.} d3 30. Qb1 {White hopes to continue with Nf3.} e5 31. Nc4 {[#]} Qg5 $1 {Accuracy: White = 23%, Black = 46%.} 0-1

[Event "46th GER-ch Rapid 2020"]
[Site "Plochingen"]
[Date "2020.09.21"]
[Round "7.6"]
[White "Hirneise, Jens"]
[Black "Muranyi, Karl-Jasmin"]
[Result "1-0"]
[WhiteElo "2289"]
[BlackElo "2331"]
[Annotator "TA"]
[PlyCount "77"]
[EventDate "2020.09.19"]
[EventType "swiss"]
[EventCountry "GER"]
[SourceTitle "playchess.com"]
[Source "ChessBase"]
[SourceQuality "1"]

{[%evp 17,77,14,33,18,19,14,51,47,37,0,0,0,0,0,-9,-33,0,0,70,50,70,74,84,35,40,1,2,0,8,8,8,8,8,0,8,8,13,6,52,52,52,52,52,52,66,66,159,154,147,146,164,176,361,345,354,352,533,510,879,845,5585,5541]} 1. e4 c6 2. d4 d5 3. exd5 cxd5 4. c4 Nf6 5. Nc3 e6 6. Nf3 Nc6 7. c5 Be7 8. Bb5 Bd7 9. Bg5 O-O 10. Rc1 {B14: Caro-Kann: Panov-Botvinnik Attack with 5...e6 and 5...g6.} h6 11. Bh4 {[#]} a6 $146 ({Predecessor:} 11... Re8 12. O-O Ne4 13. Bxe7 Qxe7 14. Re1 Nxc3 15. Rxc3 Ne5 16. Bf1 Ng6 17. b4 Rec8 {1-0 (36) Van den Doel,E (2582)-Wijnberg,A (2140) Haarlem 2013}) 12. Bxc6 {White is slightly better.} Bxc6 13. Ne5 Nd7 14. Bxe7 Qxe7 15. Nxd7 Qxd7 16. f4 f6 17. O-O g5 ({Black should play} 17... a5 $11) 18. Qh5 $14 Kg7 19. Rce1 Rae8 20. h4 {[%cal Rf4g5]} (20. Re3 {seems wilder.} Qf7 21. Qe2 Rg8 22. a4 gxf4 23. Rxf4 Kh7 24. Rh4) 20... Qf7 21. Qxf7+ (21. Qg4 {with more complications.} f5 22. Qg3 Qf6 23. Re3 Kh7 24. fxg5 Qxd4 25. Ne2) 21... Rxf7 22. hxg5 hxg5 23. fxg5 fxg5 24. Rxf7+ Kxf7 {[%mdl 4096] Endgame KRB-KRN} 25. Re5 Kf6 26. Nd1 Rh8 {[#] ...Rh4 is the strong threat.} 27. g3 Be8 28. Nf2 Bh5 29. Re3 Rh7 30. b4 Re7 31. Nd3 Bg6 (31... Rh7 $14) 32. Rf3+ $16 Kg7 33. Ne5 Be4 34. Rf2 g4 $2 {[#]} (34... Bg6 {is a better defense.} 35. Kg2 Be4+ 36. Kh2 Bg6) 35. Nxg4 $18 Kg6 36. Ne5+ Kg5 (36... Kg7 $142 37. Kf1 Bb1) 37. Rf7 {White is clearly winning.} Re8 (37... Rxf7 $142 38. Nxf7+ Kf6) 38. Rxb7 Rh8 39. Nf7+ {[%mdl 64] Double Attack. Accuracy: White = 89%, Black = 45%.} 1-0

[Event "46th GER-ch Rapid 2020"]
[Site "Plochingen"]
[Date "2020.09.21"]
[Round "7.7"]
[White "Spiess, Gunter"]
[Black "Braeuning, Rudolf Wilhelm"]
[Result "1/2-1/2"]
[WhiteElo "2391"]
[BlackElo "2268"]
[Annotator "TA"]
[PlyCount "38"]
[EventDate "2020.09.19"]
[EventType "swiss"]
[EventCountry "GER"]
[SourceTitle "playchess.com"]
[Source "ChessBase"]
[SourceQuality "1"]

{[%evp 22,38,0,0,0,0,12,-11,9,-8,21,21,18,25,19,16,28,15,8]} 1. d4 Nf6 2. Nf3 d5 3. c4 e6 4. Nc3 c6 5. e3 Nbd7 6. Qc2 Bd6 7. Bd3 O-O 8. O-O Qe7 9. Rd1 dxc4 10. Bxc4 e5 11. e4 exd4 12. Nxd4 {[#] Strongly threatening Nf5.} Ne5 {D46: Semi-Slav: 5 e3 Nbd7 6 Bd3, Black avoids the Meran.} 13. Be2 {Black should prevent f4.} Rd8 {[#]} 14. g3 $146 ({Predecessor:} 14. h3 h6 15. Be3 Ng6 16. Bf1 Nf4 17. Nf3 Ng6 18. Bd4 Nd7 19. g3 Nde5 20. Nh2 {½-½ (42) Zetocha,C (2316)-Kim,J (2087) Pardubice 2019}) 14... Bc5 15. Nb3 Bg4 16. Rxd8+ Rxd8 17. Nxc5 Qxc5 18. Be3 Qa5 19. Rd1 Bxe2 {An uneventful encounter.} 1/2-1/2

[Event "46th GER-ch Rapid 2020"]
[Site "Plochingen"]
[Date "2020.09.20"]
[Round "7.8"]
[White "Petkidis, Anthony"]
[Black "Richter, Nils"]
[Result "1/2-1/2"]
[WhiteElo "2406"]
[BlackElo "2307"]
[Annotator "ChessBase"]
[PlyCount "62"]
[EventDate "2020.09.19"]
[EventType "swiss"]
[EventCountry "GER"]
[SourceTitle "playchess.com"]
[Source "ChessBase"]
[SourceQuality "1"]
[TimeControl "900+10"]

1. e4 {[%emt 0:00:00]} c5 {[%emt 0:00:00]} 2. Nf3 {[%emt 0:00:00]} e6 {[%emt 0:00:00]} 3. d4 {[%emt 0:00:00]} cxd4 {[%emt 0:00:00]} 4. Nxd4 {[%emt 0:00:00]} Nc6 {[%emt 0:00:00]} 5. Nc3 {[%emt 0:00:00]} Qc7 {[%emt 0:00:00]} 6. Be3 {[%emt 0:00:03]} a6 {[%emt 0:00:00]} 7. Be2 {[%emt 0:00:14]} Nf6 {[%emt 0:00:00]} 8. a3 {[%emt 0:00:02]} b5 {[%emt 0:00:00]} 9. Nxc6 {[%emt 0:00:08]} dxc6 {[%emt 0:00:36]} 10. f4 {[%emt 0:00:10]} Bb7 {[%emt 0:00:20]} 11. e5 {[%emt 0:00:23]} Rd8 {[%emt 0:00:24]} 12. Bd3 {[%emt 0:00:50]} Nd5 {[%emt 0:00:18]} 13. Nxd5 {[%emt 0:00:08]} cxd5 {[%emt 0:00:57]} 14. Bd4 {[%emt 0:00:25]} Bc5 {[%emt 0:00:50]} 15. c3 {[%emt 0:00:04]} O-O {[%emt 0:00:20]} 16. O-O {[%emt 0:01:14]} Qb6 {[%emt 0:00:33]} 17. Kh1 {[%emt 0:00:16]} g6 {[%emt 0:00:17]} 18. Be2 {[%emt 0:00:14]} Rc8 {[%emt 0:00:35]} 19. Qd2 {[%emt 0:00:06]} a5 {[%emt 0:00:31]} 20. b4 {[%emt 0:00:22]} axb4 {[%emt 0:00:41]} 21. axb4 {[%emt 0:00:03]} Bxd4 {[%emt 0:00:04]} 22. cxd4 {[%emt 0:00:04]} Rc4 {[%emt 0:00:09]} 23. Bxc4 {[%emt 0:00:20]} dxc4 {[%emt 0:00:02]} 24. Ra3 {[%emt 0:03:15]} Rd8 {[%emt 0:00:57]} 25. Rd1 {[%emt 0:00:17]} Qc6 {[%emt 0:00:22]} 26. Rg3 {[%emt 0:00:52]} Qe4 {[%emt 0:00:55]} 27. h3 {[%emt 0:00:21]} h5 {[%emt 0:00:41]} 28. Qe3 {[%emt 0:00:39]} Qc2 {[%emt 0:00:07]} 29. Qd2 {[%emt 0:00:08]} Qe4 {[%emt 0:00:02]} 30. Qe3 {[%emt 0:02:35]} Qc2 {[%emt 0:00:02]} 31. Qd2 {[%emt 0:00:30]} Qe4 {[%emt 0:00:02]} 1/2-1/2

[Event "46th GER-ch Rapid 2020"]
[Site "Plochingen"]
[Date "2020.09.20"]
[Round "7.9"]
[White "Kopylov, Michael"]
[Black "Voigt, Martin"]
[Result "1-0"]
[WhiteElo "2408"]
[BlackElo "2289"]
[Annotator "ChessBase"]
[PlyCount "49"]
[EventDate "2020.09.19"]
[EventType "swiss"]
[EventCountry "GER"]
[SourceTitle "playchess.com"]
[Source "ChessBase"]
[SourceQuality "1"]
[TimeControl "900+10"]

1. d4 {[%emt 0:00:00]} d5 {[%emt 0:00:00]} 2. c4 {[%emt 0:00:00]} e6 {[%emt 0:00:00]} 3. Nf3 {[%emt 0:00:00]} Nf6 {[%emt 0:00:00]} 4. g3 {[%emt 0:00:01]} dxc4 {[%emt 0:00:09]} 5. Bg2 {[%emt 0:00:03]} a6 {[%emt 0:00:12]} 6. Ne5 {[%emt 0:00:13]} c5 {[%emt 0:01:13]} 7. Na3 {[%emt 0:00:24]} cxd4 {[%emt 0:01:09]} 8. Naxc4 {[%emt 0:00:02]} Nbd7 {[%emt 0:01:00]} 9. Qxd4 {[%emt 0:01:08]} Nxe5 {[%emt 0:00:18]} 10. Qxd8+ {[%emt 0:00:24]} Kxd8 {[%emt 0:00:02]} 11. Nxe5 {[%emt 0:00:01]} Bb4+ {[%emt 0:00:06]} 12. Bd2 {[%emt 0:00:24]} Bxd2+ {[%emt 0:00:11]} 13. Kxd2 {[%emt 0:00:01]} Ke7 {[%emt 0:00:08]} 14. Rhc1 {[%emt 0:00:24]} Rd8+ {[%emt 0:02:19]} 15. Ke1 {[%emt 0:00:07]} Nd7 {[%emt 0:00:08]} 16. Rc7 {[%emt 0:02:07]} f6 {[%emt 0:03:49]} 17. Nc4 {[%emt 0:00:27]} Rb8 {[%emt 0:00:16]} 18. Rd1 {[%emt 0:02:05]} Rg8 {[%emt 0:03:48]} 19. Nb6 {[%emt 0:01:39]} Kd8 {[%emt 0:00:16]} 20. Rxc8+ {[%emt 0:01:23]} Rxc8 {[%emt 0:00:02]} 21. Rxd7+ {[%emt 0:00:02]} Ke8 {[%emt 0:00:02]} 22. Rxb7 {[%emt 0:00:04]} Rc2 {[%emt 0:00:18]} 23. Be4 {[%emt 0:00:26]} Rxb2 {[%emt 0:00:48]} 24. Bc6+ {[%emt 0:00:09]} Kf8 {[%emt 0:00:11]} 25. Nd7+ {[%emt 0:00:02]} 1-0

[Event "46th GER-ch Rapid 2020"]
[Site "Plochingen"]
[Date "2020.09.21"]
[Round "7.10"]
[White "Milare, Tyron"]
[Black "Langrock, Hannes"]
[Result "0-1"]
[WhiteElo "2176"]
[BlackElo "2352"]
[Annotator "TA"]
[PlyCount "94"]
[EventDate "2020.09.19"]
[EventType "swiss"]
[EventCountry "GER"]
[SourceTitle "playchess.com"]
[Source "ChessBase"]
[SourceQuality "1"]

{[%evp 11,94,25,34,24,40,31,78,79,70,0,47,0,50,14,45,-26,10,-28,0,-17,0,-75,-74,-74,-45,-92,18,-306,-166,-172,-176,-379,-397,-605,-590,-768,-404,-393,-403,-528,-497,-603,-616,-781,-745,-752,-711,-859,-858,-794,-682,-775,-783,-780,-679,-771,-743,-801,-693,-762,-788,-820,-820,-783,-846,-840,-829,-822,-814,-1788,-1580,-1332,-1204,-11931,-10073,-11621,-5050,-11621,-6156,-12835,-12835,-12835,-12833,-5947,-5330]} 1. d4 f5 2. Nf3 Nf6 3. c4 g6 4. Nc3 Bg7 5. Bf4 d6 6. e3 O-O 7. Qb3 {A85: Dutch Defence: 2 c4 Nf6 3 Nc3.} h6 8. h4 {[#]} Be6 $146 ({Predecessor:} 8... c6 9. c5+ d5 10. Ne5 Qe8 11. Be2 Nbd7 12. Rd1 Kh7 13. Qc2 Ne4 14. Nxd7 Bxd7 {½-½ (37) Kohlweyer,B (2454)-Pitl,G (2280) Bad Woerishofen 2003}) 9. Qxb7 {White is better.} Nbd7 10. Nb5 (10. Qb3 $14) 10... c5 {[#] And now ...Qa5+ would win.} 11. Qc7 Qe8 12. Qa5 Ne4 13. a3 (13. Nd2 $14) 13... Rb8 14. b4 cxd4 15. exd4 Bf7 16. Be2 ({Wrong is} 16. Qxa7 $2 e5 $19) (16. Rc1 $11) 16... e5 $17 17. dxe5 dxe5 18. Be3 Nb6 (18... Rxb5 $17 19. cxb5 Nc3) 19. Nc7 $2 {[%mdl 8192] [#] White does not recover from this.} (19. Rc1 $11 {and White stays safe.}) 19... Qc6 (19... Qc8 $142 20. h5 gxh5) 20. Na6 $19 Rbc8 21. c5 $2 (21. b5 Qf6 22. O-O) 21... Nc4 22. Bxc4 (22. b5 $142 Nxa5 23. bxc6) 22... Bxc4 23. a4 {If only White now had time for b5....} Qxa6 24. Qxa6 Bxa6 25. b5 f4 {Black is clearly winning.} 26. Bc1 Nxc5 27. O-O Bb7 28. Ba3 Rfd8 29. Bxc5 Rxc5 30. Rac1 Rdc8 31. Rxc5 Rxc5 32. Rd1 Bd5 33. Ne1 e4 34. f3 exf3 35. gxf3 Bb3 36. Rd8+ Kh7 37. Nd3 Rd5 38. Rxd5 Bxd5 39. Nxf4 Bxf3 40. a5 Bc3 41. Kf2 Ba8 42. a6 Bd4+ 43. Ke2 Be4 44. Ne6 Bb6 45. Nf8+ Kg7 46. Nd7 Bd4 47. Nb8 Kf6 {Accuracy: White = 31%, Black = 66%.} 0-1